Missing Word: Animals in Books Quiz Stats

 Plays Quiz Updated Oct 16, 2017

Challenge
Share
Tweet
Embed
Score 0/24 Timer 03:00
0 Plays Today
Book or Story Animal % Correct
The _____, the Witch, and the WardrobeLion
94.8%
Of _____ and Men* (irregular plural form)Mice
92%
The _____ in the HatCat
89.2%
Yertle the _____Turtle
88.6%
Babe: The Gallant _____Pig
85.8%
The Diving Bell and the _____Butterfly
85.1%
To Kill a _____Mockingbird
81.7%
The Ugly _____Duckling
81.3%
The Eye of the _____Tiger
81.3%
The Velveteen _____Rabbit
77.9%
Along Came a _____Spider
69.5%
The Black _____Stallion
65.5%
Book or Story Animal % Correct
The Maltese _____Falcon
64.3%
If You Give a _____ a CookieMouse
62.2%
The Very Hungry _____Caterpillar
57%
The _____ WhispererHorse
53.3%
_____ in SocksFox
43.1%
_____ HallWolf
42.2%
Lad: A _____Dog
36.6%
The Clan of the Cave _____Bear
36.3%
The Rainbow _____Fish
36.2%
Little _____Bee
31.9%
Consider the _____Lobster
22.9%
The Red _____Pony
9.5%

Today's Daily Dose

Missing Word
No Snow!

Word Ladder
Wild Cats

On This Day
December 16th II

You're not logged in!

Compare scores with friends on all Sporcle quizzes.
OR
Log In

You Might Also Like...

Show Comments

Extras

Top Quizzes Today


Score Distribution

Your Account Isn't Verified!

In order to create a playlist on Sporcle, you need to verify the email address you used during registration. Go to your Sporcle Settings to finish the process.

Report this User

Report this user for behavior that violates our Community Guidelines.

Details: